| 000 | 01534nam a2200217Ia 4500 | ||
|---|---|---|---|
| 001 | 15696 | ||
| 003 | GE_BSU | ||
| 008 | 181216s||||||||xx |||||||||||||| ||und|| | ||
| 040 | _cGE_BSU | ||
| 100 | _aჭავჭავაძე, ი. (ილია, 1837-1907) | ||
| 245 | _aთხზულებათა სრული კრებული : 20 ტომად. ტ.1 | ||
| 245 | _bპოეზია [ლექსები, პოემები, სხვადასხვა ავტორის მიერ დაწუნებული ლექსები, ექსპრომტი, ფრაგმენტები | ||
| 245 | _cტექსტი გამოსაც. მოამზადა რუსუდან კუსრაშვილმა ; ტომის რედ.: გიორგი აბაშიძე ; ტომს ფოტოდოკუმენტები დაურთო გურამ შარაძემ ; მხატვ.: გიორგი ლომიძე | ||
| 260 | _aთბილისი | ||
| 260 | _bსაბჭ. საქართველო | ||
| 260 | _c1987 | ||
| 300 | _a542 გვ.20 სმ | ||
| 653 | _aთხზულებათა სრული კრებული | ||
| 653 | _aპოეზია [ლექსები, პოემები, სხვადასხვა ავტორის მიერ დაწუნებული ლექსები, ექსპრომტი, ფრაგმენტები | ||
| 942 | _cBK | ||
| 999 |
_c48794 _d48794 |
||